Forest products: (Record no. 11182)

MARC details
000 -LEADER
fixed length control field 00858cam a22002651i 4500
001 - CONTROL NUMBER
control field agr50000438
003 - CONTROL NUMBER IDENTIFIER
control field DLC
005 - DATE AND TIME OF LATEST TRANSACTION
control field 20260227111013.0
008 - FIXED-LENGTH DATA ELEMENTS--GENERAL INFORMATION
fixed length control field 760429s1950 nyuabde b 001 0 eng c
010 ## - LIBRARY OF CONGRESS CONTROL NUMBER
LC control number agr50000438
035 ## - SYSTEM CONTROL NUMBER
System control number (OCoLC)2147531
040 ## - CATALOGING SOURCE
Original cataloging agency U.S. Dept. of Agr. Libr.
Transcribing agency OClW
Modifying agency DLC
042 ## - AUTHENTICATION CODE
Authentication code premarc
050 00 - LIBRARY OF CONGRESS CALL NUMBER
Classification number TS805
Item number .P34
082 ## - DEWEY DECIMAL CLASSIFICATION NUMBER
Classification number 634.98
100 1# - MAIN ENTRY--PERSONAL NAME
Personal name Panshin, A. J.
Fuller form of name (Alexis John),
Dates associated with a name 1901-
245 10 - TITLE STATEMENT
Title Forest products:
Remainder of title their sources, production and utilization
Statement of responsibility, etc. by A. J. Panshin [and others]
250 ## - EDITION STATEMENT
Edition statement 1st ed.
260 ## - PUBLICATION, DISTRIBUTION, ETC.
Place of publication, distribution, etc. New York,
Name of publisher, distributor, etc. McGraw-Hill,
Date of publication, distribution, etc. 1950.
300 ## - PHYSICAL DESCRIPTION
Extent ix, 549 p.
Other physical details illus., map.
Dimensions 24 cm.
490 0# - SERIES STATEMENT
Series statement The American forestry series
504 ## - BIBLIOGRAPHY, ETC. NOTE
Bibliography, etc. note "Selected references" at end of each chapter.
650 #0 - SUBJECT ADDED ENTRY--TOPICAL TERM
Topical term or geographic name entry element Forest products industry
Geographic subdivision United States.
650 #0 - SUBJECT ADDED ENTRY--TOPICAL TERM
Topical term or geographic name entry element Forest products
Geographic subdivision United States.

No items available.

Powered by Koha